John Popley and Michael Ellis Harris v HM Customs & Excise (Record no. 60339)

MARC details
000 -LEADER
fixed length control field 00719cam a2200181 4500
001 - CONTROL NUMBER
control field X101142
008 - FIXED-LENGTH DATA ELEMENTS--GENERAL INFORMATION
fixed length control field 000000n1999 000 0 eng u
035 ## - SYSTEM CONTROL NUMBER
System control number (Sirsi) u101142
245 ## - TITLE STATEMENT
Title John Popley and Michael Ellis Harris v HM Customs & Excise
260 ## - PUBLICATION, DISTRIBUTION, ETC.
Date of publication, distribution, etc. 1999
490 ## - SERIES STATEMENT
Series statement New Property Cases
Volume/sequential designation [1999] NPC 118
520 ## - SUMMARY, ETC.
Summary, etc. Police and Criminal Evidence Act 1984. Powers of Officers of Customs & Excise to seize documents legally privileged. Judicial review of decision of C & E to search and seize materials from the second applicant's premises. Taken from Headnote. DO NOT PHOTOCOPY.
650 ## - SUBJECT ADDED ENTRY--TOPICAL TERM
Topical term or geographic name entry element PRIVILEGE
650 ## - SUBJECT ADDED ENTRY--TOPICAL TERM
Topical term or geographic name entry element CRIMINAL LAW
650 ## - SUBJECT ADDED ENTRY--TOPICAL TERM
Topical term or geographic name entry element VALUE ADDED TAX
690 ## - LOCAL SUBJECT ADDED ENTRY--TOPICAL TERM (OCLC, RLIN)
Topical term or geographic name as entry element LAW-CASE LAW
942 ## - ADDED ENTRY ELEMENTS (KOHA)
Suppress in OPAC 0
Holdings
Withdrawn status Lost status Source of classification or shelving scheme Damaged status Not for loan Home library Current library Shelving location Date acquired Total Checkouts Full call number Barcode Date last seen Copy number Price effective from Koha item type
    Dewey Decimal Classification     London London Journal article 01/11/1999   X101142 101142-1001 06/08/2019 1 06/08/2019 Law report